Evaluación de la eficacia del consejo orientador / (Record no. 101764)

MARC details
000 -CABECERA
campo de control de longitud fija 00596nam a2200193 a 4500
005 - FECHA Y HORA DE LA ÚLTIMA TRANSACCIÓN
campo de control 20230315063913.0
008 - ELEMENTOS DE LONGITUD FIJA--INFORMACIÓN GENERAL
campo de control de longitud fija 031006s1990 es r 000 0 spa d
020 ## - NÚMERO INTERNACIONAL NORMALIZADO PARA LIBROS
Número Internacional Estándar del Libro 847046471X
035 ## - NÚMERO DE CONTROL DEL SISTEMA
Número de control de sistema UPN01000129592
049 ## - COLECCIÓN
Colección CG
050 #4 - SIGNATURA TOPOGRÁFICA DE LA BIBLIOTECA DEL CONGRESO
Número de clasificación LB2343
Número de documento/Ítem C2.3
100 1# - ASIENTO PRINCIPAL--NOMBRE PERSONAL
Nombre de persona Castillo Arredondo, Santiago
9 (RLIN) 36342
245 10 - MENCIÓN DE TÍTULO
Título Evaluación de la eficacia del consejo orientador /
Mención de responsabilidad, etc. Santiago Castillo Arredondo.
260 ## - PUBLICACIÓN, DISTRIBUCIÓN, ETC.
Lugar de publicación, distribución, etc. Madrid :
Nombre del editor, distribuidor, etc. Cincel-Kapelusz,
Fecha de publicación, distribución, etc. [199-].
300 ## - DESCRIPCIÓN FÍSICA
Extensión 224 p.
440 #0 - MENCIÓN DE SERIE/ASIENTO SECUNDARIO--TÍTULO
Título Biblioteca de psicología y educación ;
Designación de volumen o secuencia 11
650 #4 - ASIENTO SECUNDARIO DE MATERIA - TERMINO TEMATICO
Término de materia o nombre geográfico como elemento de entrada Orientación vocacional
9 (RLIN) 5
905 ## - TIPO DE MATERIAL
Tipo de material Libro
Holdings
Estado de retiro Estado de pérdida Fuente del sistema de clasificación o colocación Estado dañado No para préstamo Código de colección Localización permanente Ubicación/localización actual Ubicación en estantería Total de préstamos Clasificación Código de barras Fecha visto por última vez Número de copia Tipo de ítem Koha
    Library of Congress Classification     Colección General Bib. Gregorio Torres Quintero Bib. Gregorio Torres Quintero Planta baja   LB2343 C2.3 299219 31/12/2020 1 Libro
    Library of Congress Classification     Colección General Bib. Gregorio Torres Quintero Bib. Gregorio Torres Quintero Planta baja   LB2343 C2.3 327757 31/12/2020 1 Libro
    Library of Congress Classification     Colección General Bib. Gregorio Torres Quintero Bib. Gregorio Torres Quintero Planta baja 6 LB2343 C2.3 219677 31/12/2020 1 Libro
    Library of Congress Classification     Colección General Bib. Gregorio Torres Quintero Bib. Gregorio Torres Quintero Planta baja 14 LB2343 C2.3 219678 31/12/2020 1 Libro